Decipher the Encoded US States - Statistics

General Stats
  • This quiz has been taken 408 times
  • The average score is 30 of 50
Answer Stats
Answer % Correct
πŸŽ΅βŒ›πŸ‡πŸŽ΅βœΏβŒ›βœΏ INDIANA
90%
πŸŽ΅β˜‚οΈβš“οΈβœΏ IOWA
90%
βœΏβœ‰βœΏπŸ€β™œβœΏ ALASKA
85%
βœΏβ˜―β™œβœΏβŒ›πŸ€βœΏπŸ€ ARKANSAS
81%
β˜‚οΈπŸ‘½πŸŽ΅β˜‚οΈ OHIO
81%
πŸ‘½βœΏβš“οΈβœΏπŸŽ΅πŸŽ΅ HAWAII
80%
πŸ¦‹βœΏπŸŽ΅βŒ›πŸ€ MAINE
80%
πŸ¦‹πŸŽ΅πŸ€πŸ€πŸŽ΅πŸ€πŸ€πŸŽ΅β˜ŽοΈβ˜ŽοΈπŸŽ΅ MISSISSIPPI
79%
βŒ›πŸ€β™»οΈβœΏπŸ‡βœΏ NEVADA
79%
βœΏβœ‰βœΏπŸ‘βœΏπŸ¦‹βœΏ ALABAMA
78%
πŸŽ΅βœ‰βœ‰πŸŽ΅βŒ›β˜‚οΈπŸŽ΅πŸ€ ILLINOIS
78%
β™œβœΏβŒ›πŸ€βœΏπŸ€ KANSAS
78%
πŸ¦‹β˜‚οΈβŒ›πŸ’ŽβœΏβŒ›βœΏ MONTANA
78%
βŒ›πŸ€βš“οΈβ”‚πŸ¦‰β˜‚οΈβ˜―β™œ NEW YORK
78%
β˜’οΈπŸ€β˜‚οΈβ˜―β˜’οΈπŸŽ΅βœΏ GEORGIA
76%
β˜‚οΈβ˜―πŸ€β˜’οΈβ˜‚οΈβŒ› OREGON
76%
βœ‰β˜‚οΈπŸŒ·πŸŽ΅πŸ€πŸŽ΅βœΏβŒ›βœΏ LOUISIANA
75%
βŒ›β˜‚οΈβ˜―πŸ’ŽπŸ‘½β”‚πŸ’°βœΏβ˜―β˜‚οΈβœ‰πŸŽ΅βŒ›βœΏ NORTH CAROLINA
73%
πŸ’°βœΏβœ‰πŸŽ΅πŸ₯•β˜‚οΈβ˜―βŒ›πŸŽ΅βœΏ CALIFORNIA
72%
πŸ¦‹πŸŽ΅πŸ’°πŸ‘½πŸŽ΅β˜’οΈβœΏβŒ› MICHIGAN
72%
β™œπŸ€βŒ›πŸ’ŽπŸŒ·πŸ’°β™œπŸ¦‰ KENTUCKY
70%
πŸ¦‹βœΏβ˜―πŸ¦‰βœ‰βœΏβŒ›πŸ‡ MARYLAND
68%
β™»οΈπŸŽ΅β˜―β˜’οΈπŸŽ΅βŒ›πŸŽ΅βœΏ VIRGINIA
68%
βš“οΈπŸ¦‰β˜‚οΈπŸ¦‹πŸŽ΅βŒ›β˜’οΈ WYOMING
68%
πŸ‡πŸ€βœ‰βœΏβš“οΈβœΏβ˜―πŸ€ DELAWARE
67%
πŸŒ·πŸ’ŽβœΏπŸ‘½ UTAH
63%
βš“οΈπŸŽ΅πŸ€πŸ’°β˜‚οΈβŒ›πŸ€πŸŽ΅βŒ› WISCONSIN
61%
βŒ›πŸ€βš“οΈβ”‚πŸ‘½βœΏπŸ¦‹β˜ŽοΈπŸ€πŸ‘½πŸŽ΅β˜―πŸ€ NEW HAMPSHIRE
60%
πŸŽ΅πŸ‡βœΏπŸ‘½β˜‚οΈ IDAHO
57%
βœΏβ˜―πŸŽ΅πŸ―β˜‚οΈβŒ›βœΏ ARIZONA
56%
πŸ€β˜‚οΈπŸŒ·πŸ’ŽπŸ‘½β”‚πŸ’°βœΏβ˜―β˜‚οΈβœ‰πŸŽ΅βŒ›βœΏ SOUTH CAROLINA
56%
πŸ¦‹πŸŽ΅πŸ€πŸ€β˜‚οΈπŸŒ·β˜―πŸŽ΅ MISSOURI
54%
βŒ›πŸ€βš“οΈβ”‚πŸ¦‹πŸ€πŸš¦πŸŽ΅πŸ’°β˜‚οΈ NEW MEXICO
54%
βŒ›β˜‚οΈβ˜―πŸ’ŽπŸ‘½β”‚πŸ‡βœΏβ™œβ˜‚οΈπŸ’ŽβœΏ NORTH DAKOTA
53%
πŸ’°β˜‚οΈβŒ›βŒ›πŸ€πŸ’°πŸ’ŽπŸŽ΅πŸ’°πŸŒ·πŸ’Ž CONNECTICUT
52%
βš“οΈβœΏπŸ€πŸ‘½πŸŽ΅βŒ›β˜’οΈπŸ’Žβ˜‚οΈβŒ› WASHINGTON
51%
βŒ›πŸ€βš“οΈβ”‚πŸ¬πŸ€β˜―πŸ€πŸ€πŸ¦‰ NEW JERSEY
50%
πŸ€β˜‚οΈπŸŒ·πŸ’ŽπŸ‘½β”‚πŸ‡βœΏβ™œβ˜‚οΈπŸ’ŽβœΏ SOUTH DAKOTA
49%
βš“οΈπŸ€πŸ€πŸ’Žβ”‚β™»οΈπŸŽ΅β˜―β˜’οΈπŸŽ΅βŒ›πŸŽ΅βœΏ WEST VIRGINIA
44%
πŸ¦‹βœΏπŸ€πŸ€βœΏπŸ’°πŸ‘½πŸŒ·πŸ€πŸ€πŸ’ŽπŸ’ŽπŸ€ MASSACHUSETTS
43%
πŸ’ŽπŸ€πŸš¦βœΏπŸ€ TEXAS
40%
πŸ’ŽπŸ€βŒ›βŒ›πŸ€πŸ€πŸ€πŸ€πŸ€ TENNESSEE
39%
πŸ₯•βœ‰β˜‚οΈβ˜―πŸŽ΅πŸ‡βœΏ FLORIDA
38%
β˜ŽοΈπŸ€βŒ›βŒ›πŸ€πŸ¦‰βœ‰β™»οΈβœΏβŒ›πŸŽ΅βœΏ PENNSYLVANIA
29%
β˜―πŸ‘½β˜‚οΈπŸ‡πŸ€β”‚πŸŽ΅πŸ€βœ‰βœΏβŒ›πŸ‡ RHODE ISLAND
29%
β™»οΈπŸ€β˜―πŸ¦‹β˜‚οΈβŒ›πŸ’Ž VERMONT
29%
πŸ¦‹πŸŽ΅βŒ›βŒ›πŸ€πŸ€β˜‚οΈπŸ’ŽβœΏ MINNESOTA
28%
β˜‚οΈβ™œβœ‰βœΏπŸ‘½β˜‚οΈπŸ¦‹βœΏ OKLAHOMA
28%
πŸ’°β˜‚οΈβœ‰β˜‚οΈβ˜―βœΏπŸ‡β˜‚οΈ COLORADO
26%
βŒ›πŸ€πŸ‘β˜―βœΏπŸ€β™œβœΏ NEBRASKA
26%
No matching quizzes found
Score Distribution
Percent of People with Each Score
Percentile by Number Answered
Your Score History
You have not taken this quiz